| 000 | 00615nam a2200181 a 4500 | ||
|---|---|---|---|
| 001 | 000027104 | ||
| 005 | 20200930030614.0 | ||
| 008 | 110329s1979 dr a 000 0 spa d | ||
| 040 |
_aDO-SdBNP _bspa _cBNPHU |
||
| 082 |
_axxx _bL817a |
||
| 100 | 1 |
_aLockward Artiles, Antonio, _d1943- _918823 |
|
| 245 | 1 | 0 |
_aAy! ¡Ay! se me muere Rebeca / _cAntonio Lockward Artiles. |
| 260 |
_aSanto Domingo : _bAlfa y Omega, _c1979. |
||
| 300 |
_a193 p. : _bil. ; _c23 cm. |
||
| 490 | 1 | _aSociedades biblicas unidas | |
| 590 | _aLa biblioteca posee un ejemplar autografiado por el autor | ||
| 830 | 0 |
_aSociedades biblicas unidas _954182 |
|
| 999 |
_c26596 _d26596 |
||